| 000 | 00658nas a2200217 i 4500 | ||
|---|---|---|---|
| 001 | 983 | ||
| 003 | ES-MaACL | ||
| 005 | 20250807062532.0 | ||
| 008 | 950801d19281983ag | | 1 ||pa d | ||
| 080 | _a82 | ||
| 245 | 0 | 3 |
_aEl Día médico _b: periódico científico e informativo ilustrado / _cdir. Rodolfo González Bosch. |
| 260 |
_aBuenos Aires (Córdoba 2093-Plaza U.T. 2625 : _b[s.n.], _c1928-1983. |
||
| 300 |
_a6 v. ; _c40 cm. |
||
| 310 | _aSemanal | ||
| 362 | 0 | _a1928-1983. | |
| 650 | 1 | 7 |
_aMedicina _2embne _914891 |
| 700 | 1 |
_aGonzález Bosch, Rodolfo, _edir. _9227576 |
|
| 852 |
_aES-MaACL _jHem-729 |
||
| 866 | 0 | _o1945,1947. | |
| 999 |
_c983 _d983 |
||